All foreign players Fortuna Sittard - Statistics

General Stats
  • This quiz has been taken 9 times
  • The average score is 37 of 235
Answer Stats
Hint Answer % Correct
Burak Yılmaz
100%
Ivor Pandur
63%
Alen Halilović
50%
Córdoba
50%
Deroy Duarte
50%
Dimitrios Siovas
50%
George Cox
50%
Ivo Pinto
50%
Mica Pinto
50%
Rémy Vita
50%
Rodrigo Guth
50%
Arianit Ferati
38%
Guliano Diaz
38%
José Rodríguez
38%
Kévin Diaz
38%
Loreintz Rosier
38%
Mickaël Tirpan
38%
Oğuzhan Özyakup
38%
Alexei Koșelev
25%
Andreas Samaris
25%
Bassala Sambou
25%
David Meul
25%
Felix Passlack
25%
Ferhat Kaya
25%
Krsto Mitrović
25%
Lisandro Semedo
25%
Marko Lazetić
25%
Milan Robberechts
25%
Tesfaldet Tekie
25%
Todd Cantwell
25%
Abdülkerim Öcal
13%
Adnan Šećerović
13%
Adnan Ugur
13%
Adrian Purzycki
13%
Agim Zeka
13%
Ahmed El Messaoudi
13%
Ahmet Olgun
13%
Alessandro Ciranni
13%
Álex Carbonell
13%
Alin Bănceu
13%
Amadou Ciss
13%
André Piters
13%
André Van Der Zander
13%
André Vidigal
13%
Andrew MacLeod
13%
Andrew Marveggio
13%
Andrew Wright
13%
Andrija Balić
13%
Andrija Novaković
13%
Angelo Simone
13%
Anthony Di Lallo
13%
Anthony Syhre
13%
Arian Kastrati
13%
Arno Ernst
13%
Áron Dobos
13%
Aykut Özer
13%
Ažbe Jug
13%
Aziz Khalouta
13%
Aziz Moutawakil
13%
Branislav Niňaj
13%
Calvin Mac-Intosh
13%
Carlos Faya
13%
Cédric Olondo
13%
Chaly Jones
13%
Charles Kazlauskas
13%
Charlison Benschop
13%
Christopher Braun
13%
Chris Van Geem
13%
Cian Harries
13%
Cláudio
13%
Cole Bassett
13%
Colin Cramb
13%
Cosmin Mariș
13%
Dario Cagnazzo
13%
Dario Cannova
13%
Dario Van Den Buijs
13%
David Klimek
13%
Davy Bertjes
13%
Demba Traoré
13%
Deniz Sevinç
13%
Dimitrios Emmanouilidis
13%
Dimitrios Ioannidis
13%
Dino Peljto
13%
Diogo
13%
Dion Watson
13%
Djibril Dianessy
13%
DoğanErdoğan
13%
Dorel Zegrean
13%
Driess Saddiki
13%
Emil Hansson
13%
Emil Miljković
13%
Emir Dautovič
13%
Emrah Başsan
13%
Emrullah Güvenç
13%
Erich Merken
13%
Fabio Caracciolo
13%
Fatih Turan
13%
Faton Trstena
13%
Felix Dornebusch
13%
Ferhat Çakır
13%
Franco Muto
13%
Franco Zennaro
13%
Fred De Jong
13%
Fritz Emeran
13%
Fuat Usta
13%
Gerd Schunk
13%
Gevaro Nepomuceno
13%
Gianmarco Cangiano
13%
Glenn Daniëls
13%
Gökhan Lekesiz
13%
Grégoire Amiot
13%
Henrik Ojamaa
13%
Herman Böhm
13%
İsmail Ayaz
13%
Istvan Paulicsek
13%
Jacky Donkor
13%
Jaromír Paciorek
13%
Jarosław Jach
13%
Jef Vliers
13%
Jelani Abdelmalek
13%
Jerson Ribeiro
13%
João Marcos
13%
Joeri Verheyen
13%
Jo Geerinckx
13%
John Clayton
13%
John Linford
13%
Jonathan Hendrickx
13%
Jordan Botaka
13%
Joshua Wehking
13%
Jozsef Szalma
13%
Junior Torunarigha
13%
Jürgen Heinrichs
13%
Kamen Hadzhiev
13%
Kenneth Nysæther
13%
Kevin Kis
13%
Kris Bright
13%
Kristijan Bistrović
13%
László Mészáros
13%
Lazar Kojić
13%
Lazaros Lamprou
13%
Lazaros Rota
13%
Mahamadou Dembélé
13%
Mailson
13%
Marc Mboua
13%
Marco Ospitalieri
13%
Marcus Rychlik
13%
Marc Wagemakers
13%
Mark Burke
13%
Mark Farrington
13%
Martijn Stefani
13%
Martin Angha
13%
Matthew Amoah
13%
Mauro Simone
13%
Michael Jeffrey
13%
Mickaël Malsa
13%
Miguel Santos
13%
Mohammed El Berkani
13%
Mohammed Riyani
13%
Mouhamed Belkheir
13%
Muhammed Mert
13%
Namory Cisse
13%
Nathan Markelo
13%
Nayib Lagouireh
13%
Ned Bulatović
13%
Nenad Bjeković
13%
Nico Vanek
13%
Niels Vets
13%
Nikolai Baden Frederiksen
13%
Nuri Akşit
13%
Okan Kurt
13%
Panagiotis Vouis
13%
Patrick Amoah
13%
Patrick N'Koyi
13%
Patrik Raitanen
13%
Peter Prauser
13%
Phil Gray
13%
Philippe Liard
13%
Pieter Nys
13%
Prince Rajcomar
13%
Rachid El Hammouchi
13%
Ralf Augustin
13%
Ramazan Çevik
13%
Randy Samuel
13%
Rasmus Karjalainen
13%
Ray Fränkel
13%
Robin Dengis
13%
Roeland Geraerts
13%
Rolf Landerl
13%
Romero Regales
13%
Rubén Ramírez
13%
Ryan Johansson
13%
Sadik Fofana
13%
Samir Kozarac
13%
Samuel Moutoussamy
13%
Samy Baghdadi
13%
Sandro Bloudek
13%
Sebastiano Garlisi
13%
Sebastian Polter
13%
Seku Conneh
13%
Serdal Güvenç
13%
Siemen Voet
13%
Sigi Lens
13%
Soufiene El Khadri
13%
Srđan Čebinac
13%
Stefan Aškovski
13%
Stefan Thesker
13%
Stijn Haeldermans
13%
Stipe Radić
13%
Suat Usta
13%
Sven Van Der Jeugt
13%
Sven Verdonck
13%
Taner Taktak
13%
Tarik Bhar
13%
Thibaud Verlinden
13%
Thom Ghislain
13%
Timothy Dreesen
13%
Tomas Daumantas
13%
Tom Grootaers
13%
Tunahan Taşçı
13%
Ufukcan Engin
13%
Úmaro Embaló
13%
Uwe Blotenberg
13%
Uwe Fischer
13%
Vasilios Sourlis
13%
Veron Parkes
13%
Vitalie Damaşcan
13%
Vítor Saba
13%
Walid Sekkour
13%
Wasiu Taiwo
13%
Wim Kiekens
13%
Wouter Scheelen
13%
Ximo Navarro
13%
Yiğit Çeltik
13%
Yoann De Boer
13%
Žarko Grabovač
13%
No matching quizzes found
Score Distribution
Percent of People with Each Score
Percentile by Number Answered
Your Score History
You have not taken this quiz